LEADER 00849nam1 2200337 450 001 990000434850203316 035 $a0043485 035 $aUSA010043485 035 $a(ALEPH)000043485USA01 035 $a0043485 100 $a20010509d--------km-y0itay0103----ba 101 $aspa 102 $aSP 105 $a||||||||001yy 200 1 $aPoesia$fJosé Bergamin 210 $aMadrid$cTurner 215 $a7 v.$d20 cm 410 $12001 461 1$1001-------$12001 676 $a861.64 700 1$aBERGAMIN,$bJosé$0385306 801 0$aIT$bsalbc$gISBD 912 $a990000434850203316 951 $aII sp B 5 36$bLM$cII sp B 5 959 $aBK 969 $aUMA 979 $aPATTY$b90$c20010509$lUSA01$h1126 979 $c20020403$lUSA01$h1651 979 $aPATRY$b90$c20040406$lUSA01$h1630 996 $aPoesia$9874128 997 $aUNISA LEADER 01342nam0 22003251i 450 001 UON00269553 005 20231205103749.708 010 $a88-15-09611-6 100 $a20051121d2004 |0itac50 ba 101 $aita 102 $aIT 105 $a|||| ||||| 200 1 $aˆL' ‰infamia e il perdono$etributi, pene e confessione nella teologia morale della prima età moderna$fVincenzo Lavenia 210 $aBologna$cIl Mulino$d2004 215 $a407 p.$d22 cm. 410 1$1001UON00087600$12001 $aˆIl ‰Mulino. Ricerca 606 $aASSOLUZIONE (Religione)$xSec. 16.$3UONC058507$2FI 606 $aDiritto e religione$xSec. 16.$3UONC058505$2FI 606 $aTEOLOGIA MORALE$xSEC. XVI$3UONC058504$2FI 606 $aTRIBUNALI ECCLESIASTICI$xSec. 16.$3UONC058506$2FI 620 $aIT$dBologna$3UONL000085 676 $a234.166$cSalvezza (Soterologia) e grazia. Penitenza$v21 700 1$aLAVENIA$bVincenzo$3UONV158444$0520370 712 $aIl Mulino$3UONV245824$4650 801 $aIT$bSOL$c20250530$gRICA 899 $aSIBA - SISTEMA BIBLIOTECARIO DI ATENEO$2UONSI 912 $aUON00269553 950 $aSIBA - SISTEMA BIBLIOTECARIO DI ATENEO$dSI FS 2.0 0308 $eSI FP 18841 5 0308 $sBuono 996 $aInfamia e il perdono$9842210 997 $aUNIOR